Fisheries and fish toxicology / (Record no. 17723)

MARC details
000 -LEADER
fixed length control field 00757nam a22002177a 4500
008 - FIXED-LENGTH DATA ELEMENTS--GENERAL INFORMATION
fixed length control field 081031t xxu||||| |||| 00| 0 eng d
010 ## - LIBRARY OF CONGRESS CONTROL NUMBER
LC control number ENG-84389
020 ## - INTERNATIONAL STANDARD BOOK NUMBER
International Standard Book Number 8131300439
020 ## - INTERNATIONAL STANDARD BOOK NUMBER
Terms of availability 495.00 (hb)
035 ## - SYSTEM CONTROL NUMBER
System control number EN-67922
082 ## - DEWEY DECIMAL CLASSIFICATION NUMBER
Classification number 639.2 / PAN
100 ## - MAIN ENTRY--PERSONAL NAME
Personal name Pandey, B N
245 ## - TITLE STATEMENT
Title Fisheries and fish toxicology /
Statement of responsibility, etc by B N Pandey and G K Kulkarni
260 ## - PUBLICATION, DISTRIBUTION, ETC. (IMPRINT)
Place of publication, distribution, etc New Delhi
Name of publisher, distributor, etc A P H Publishing
260 ## - PUBLICATION, DISTRIBUTION, ETC. (IMPRINT)
Date of publication, distribution, etc n.d.
300 ## - PHYSICAL DESCRIPTION
Extent xii,234p
Dimensions 22cm
500 ## - GENERAL NOTE
General note Includes bibliographical references and index
700 ## - ADDED ENTRY--PERSONAL NAME
Personal name Kulkarni, G K
Titles and other words associated with a name jt auth
942 ## - ADDED ENTRY ELEMENTS (KOHA)
Source of classification or shelving scheme Dewey Decimal Classification
Koha item type English Books
Classification part 639.2
Call number suffix PAN
Holdings
Withdrawn status Lost status Source of classification or shelving scheme Damaged status Not for loan Home library Current library Date acquired Cost, normal purchase price Total Checkouts Full call number Barcode Date last seen Cost, replacement price Price effective from Koha item type
    Dewey Decimal Classification   Not For Loan D.B.Act.Division D.B.Act.Division 02/03/2007 495.00   639.2 PAN EN-67922 04/11/2008 495.00 04/11/2008 English Books

© Delhi Public Library
Hit Counter
free hit counter